| 000 | 00542nam a2200205Ia 4500 | ||
|---|---|---|---|
| 005 | 20251118163021.0 | ||
| 008 | 230125s9999 xx 000 0 und d | ||
| 020 | _a81-7929-191-X | ||
| 041 | _aeng | ||
| 082 |
_a158.1 _bAZZ |
||
| 100 |
_aAzzopardi G _9215090 |
||
| 245 | _aThe Best Methods For Developing Your IQ | ||
| 260 |
_c2007 _bInfinity Books Pub _aNew Delhi |
||
| 300 | _a304p | ||
| 500 | _aPersonality Development, | ||
| 650 |
_aPersonality Development _9213420 |
||
| 700 |
_aAzzopardi G _9215090 |
||
| 906 | _b55 | ||
| 942 | _cBK | ||
| 999 |
_c90258 _d90258 |
||